Atlas de anatomia animal (Record no. 141550)

MARC details
000 -LÍDER
campo de controle de tamanho fixo 00443 a2200169 4500
001 - NÚMERO DE CONTROLE
campo de controle 141550
040 ## - FONTE DA CATALOGAÇÃO
Instituição que transcreveu o registro Leonardo Da Vinci
041 ## - CÓDIGO DE IDIOMA
Código do idioma do texto/trilha sonora ou título diferente Português
082 ## - CDD - CLASSIFICAÇÃO DECIMAL DE DEWEY
Número de Classificação 591 M917a
Número do exemplar M917a
100 ## - ENTRADA PRINCIPAL--NOME PESSOAL
Nome pessoal MUEDRA, V
245 ## - TÍTULO
Título Atlas de anatomia animal
260 ## - PUBLICAÇÃO, DISTRIBUIÇÃO, ETC.
Nome do editor, distribuidor, etc. Livro Ibero-Americano
Data da publicação, distribuição, etc. 1967
Local de publicação, distribuição, etc. Rio de Janeiro
362 ## - DATAS DE PUBLICAÇÃO E/OU DESIGNAÇÃO SEQUENCIAL
Datas de publicação e/ou designação sequencial 19670000
500 ## - NOTA GERAL
Nota geral Enmanuel Alves (Tradução)
697 ## - ENTRADA DE ASSUNTO LOCAL--ENTIDADE COLETIVA (RLIN)
Nome corporativo ou nome da jurisdição Zoologia
-- Animais
-- Atlas
-- Anatomia animal
942 ## - ELEMENTOS DE ENTRADA ADICIONADOS (KOHA)
Tipo de material Koha Livros
Holdings
Situação do descarte Situação das perdas Situação física Não pode ser emprestado Biblioteca de origem Biblioteca atual Data de aquisição Total de empréstimos Número de chamada completo Código de barras Data de último acesso Data do preço efetivo Tipo de material Koha
        Leonardo Da Vinci - Osasco Leonardo Da Vinci - Osasco 27/03/2024   591 M917a O007103 27/03/2024 27/03/2024 Livros